000 00587nam a2200253Ia 4500
003 OSt
005 20220912145532.0
006 a|||||r|||| 00| 0
007 ta
008 220909b |||||||| |||| 00| 0 eng d
024 _a69779
037 _cTextual
040 _aCSL
_beng
_cCSL
041 _aeng
082 _aB3, J81;K1
100 _aDe Bruijn N G
245 0 _aAsymptotic methods in analysis
250 _a2
260 _c1958
300 _ap.
_ccm.
650 _aAnalysis
942 _hB3, J81;K1
_cTEXL
_2CC
999 _c33923
_d33923